Opera Composers - Statistics

General Stats
  • This quiz has been taken 1,972 times
  • The average score is 9 of 15
Answer Stats
Hint Answer % Correct
The Magic Flute Mozart
98%
Carmen Bizet
88%
Rigoletto Verdi
88%
Turandot Puccini
84%
The Barber of Seville Rossini
81%
Fidelio Beethoven
78%
Parsifal Wagner
78%
Billy Bud Britten
41%
NIxon in China Adams
36%
Agrippina Handel
36%
La Somnambula Bellini
35%
Boris Godunov Mussorgsky
35%
Roberto Devereux Donizetti
30%
Werther Massenet
29%
L'Africaine Meyerbeer
17%
No matching quizzes found
Score Distribution
Percent of People with Each Score
Percentile by Number Answered
Your Score History
You have not taken this quiz